000 00412nam a2200169Ia 4500
005 20250512134744.0
008 231217s9999 xx 000 0 und d
020 _a9780070528468
082 _a658.076 MUN;12
100 _aMuneer, Muhammed.
245 0 _aHow to prepare for the CAT
250 _a2nd ed.
260 _c2003
_bTMH
_aNew Delhi
300 _aix, 507+8
650 _aprepare,CAT
942 _cAA
999 _c189365
_d189365